Qué es el centro de perfeccionamiento ?

Uloženo v:
Podrobná bibliografie
Korporativní autor: Centro de perfeccionamiento experimentación e investigación pedagógica (Autor)
Médium: Kniha
Jazyk:španělština
Vydáno: Santiago CPEIP 1988
Témata:
Tagy: Přidat tag
Žádné tagy, Buďte první, kdo vytvoří štítek k tomuto záznamu!

MARC

LEADER 00000nam a2200000 a 4500
001 UCY4287
003 CL-VaPUC
008 950308e19880000CL |||||||||||||||||spa|d
082 0 4 |a 370.71  |b CEN  |2 21 
110 2 |a Centro de perfeccionamiento experimentación e investigación pedagógica  |e author  |9 332697 
245 1 0 |a Qué es el centro de perfeccionamiento ? 
300 |a 32 p 
942 |c BK 
945 |d 19950308 00:00:00  |a rbrito 
260 |a Santiago  |b CPEIP  |c 1988 
600 0 7 |a CENTRO DE PERFECCIONAMIENTO, EXPERIMENTACION E INVESTIGACIONES PEDAGOGICAS  |2 CL-VaPUC  |9 327855 
650 0 |a Formación profesional de profesores  |9 307493 
583 |a last modification  |c 20181001 01:37:35  |k Rodrigo Vera 
999 |c 232187  |d 232185 
952 |0 0  |1 0  |4 0  |6 370_710000000000000_CEN_1988  |7 0  |8 P  |9 236278  |a BIBEDU  |b BIBEDU  |c BIBEDU_PB  |d 2019-11-15  |i 3037134  |o 370.71 CEN 1988  |p 3037134  |r 2024-01-25  |w 2019-11-15  |y BK  |k EDU